Review of Martha Banta's Henry James an Alien’s “history” of America /

Elmentve itt :
Bibliográfiai részletek
Szerző: Despotopoulou Anna
További közreműködők: Banta Martha
Dokumentumtípus: Cikk
Megjelent: 2016
Sorozat:Americana : E-Journal of American Studies in Hungary 12 No. 2
Kulcsszavak:Henry James, Amerikai irodalom története - 19-20. sz. - könyvismertetés
Online Access:http://acta.bibl.u-szeged.hu/56721
LEADER 00758nab a2200181 i 4500
001 acta56721
005 20260224081030.0
008 190123s2016 hu o 000 hun d
022 |a 1787-4637 
040 |a SZTE Egyetemi Kiadványok Repozitórium  |b hun 
041 |a hun 
100 1 |a Despotopoulou Anna 
245 1 0 |a Review of Martha Banta's Henry James   |h [elektronikus dokumentum] :  |b an Alien’s “history” of America /  |c  Despotopoulou Anna 
260 |c 2016 
490 0 |a Americana : E-Journal of American Studies in Hungary  |v 12 No. 2 
695 |a Henry James, Amerikai irodalom története - 19-20. sz. - könyvismertetés 
700 0 1 |a Banta Martha 
856 4 0 |u http://acta.bibl.u-szeged.hu/56721/2/americana_012_002_003/despotopoulou-rev.html  |z Dokumentum-elérés